000 00655nam a2200241Ia 4500
003 OSt
005 20221007074913.0
006 a|||||r|||| 00| 0
007 ta
008 221006b |||||||| |||| 00| 0 eng d
024 _a1,357
037 _cReference Collections
040 _aFLL
_cFLL
_beng
041 _2eng
_aeng
082 _aX724:Z2qN6, N7
100 _aTandon O. C.
_9429595
245 0 _aIncome tax act, 1961
260 _aNew Delhi
_bB. B. Bhargava India
_c1997
300 _a567p,46p
_ccm.
650 _aIncome tax
942 _hX724:Z2qN6, N7
_cREF
_2CC
999 _c1154098
_d1154098